书目信息 |
| 题名: |
英语教学法
|
|
| 作者: | 胡春洞 主编 | |
| 分册: | ||
| 出版信息: | 北京 高等教育出版社 1996.04 |
|
| 页数: | 384页 | |
| 开本: | 32开 | |
| 丛书名: | ||
| 单 册: | ||
| 中图分类: | H319.3 | |
| 科图分类: | ||
| 主题词: | 英语 | |
| 电子资源: | ||
| ISBN: | 7-04-002918-9 | |
| 000 | 00536nam0 2200193 45 | |
| 001 | 0106190954 | |
| 005 | 20010619093506.0 | |
| 010 | @a7-04-002918-9@d10.40元 | |
| 100 | @a20010619d1996 km y0chiy0120 ea | |
| 101 | 0 | @achi |
| 105 | @a z 000yy | |
| 200 | 1 | @a英语教学法@AYing Yu Jiao Xue Fa@f胡春洞主编@FHu Chun Dong Zhu Bian |
| 210 | @a北京@c高等教育出版社@d1996.04 | |
| 215 | @a384页@d32开 | |
| 606 | 0 | @a英语 |
| 690 | @aH319.3@v3 | |
| 701 | 0 | @a胡春洞@4主编 |
| 801 | @aCN@bPftUser@c20010619 | |
| 905 | @f10@b348746-755@dH319.3@eH185 | |
| 英语教学法/胡春洞主编.-北京:高等教育出版社,1996.04 |
| 384页;32开 |
| ISBN 7-04-002918-9:10.40元 |
| ● |
| 相关链接 |
|
|
|
正题名:英语教学法
索取号:H319.3/H185
 
预约/预借
| 序号 | 登录号 | 条形码 | 馆藏地/架位号 | 状态 | 备注 |
| 1 | 0348746 | 203487468 | 社科二线400B/400B社科库 9排2列1层/ [索取号:H319.3/H185] | 在馆 | |
| 2 | 348747 | 203487477 | 语言库209/209语言库 42排3列4层/ [索取号:H319.3/H185] | 在馆 | |
| 3 | 348748 | 203487486 | 社科二线400B/400B社科库 9排1列1层/ [索取号:H319.3/H185] | 在馆 | |
| 4 | 348749 | 203487495 | 语言库209/209语言库 42排3列4层/ [索取号:H319.3/H185] | 在馆 | |
| 5 | 348750 | 203487501 | 社科二线400B/400B社科库 13排2列3层/ [索取号:H319.3/H185] | 在馆 | |
| 6 | 348751 | 203487510 | 社科二线400B/400B社科库 9排1列1层/ [索取号:H319.3/H185] | 在馆 | |
| 7 | 348752 | 203487529 | 社科二线400B/400B社科库 9排1列1层/ [索取号:H319.3/H185] | 在馆 | |
| 8 | 348753 | 203487538 | 社科二线400B/400B社科库 9排1列1层/ [索取号:H319.3/H185] | 在馆 | |
| 9 | 348754 | 203487547 | 社科二线400B/400B社科库 13排2列3层/ [索取号:H319.3/H185] | 在馆 | |
| 10 | 348755 | 203487556 | 社科二线400B/400B社科库 9排1列1层/ [索取号:H319.3/H185] | 在馆 |